Telediario (El): un proceso informativo (Record n. 73218)
[ formato base ]
| 000 -LEADER | |
|---|---|
| fixed length control field | 01296nam a2200301Ia 4500 |
| 001 - CONTROL NUMBER | |
| control field | 86553 |
| 003 - CONTROL NUMBER IDENTIFIER | |
| control field | IT-RoPAU |
| 008 - FIXED-LENGTH DATA ELEMENTS--GENERAL INFORMATION | |
| fixed length control field | 130308s9999 xx 000 0 und d |
| 040 ## - CATALOGING SOURCE | |
| Original cataloging agency | IT-RoPAU |
| 040 ## - CATALOGING SOURCE | |
| Transcribing agency | IT-RoPAU |
| 041 ## - LANGUAGE CODE | |
| Language code of text/sound track or separate title | SPAGNOLO |
| 999 ## - SYSTEM CONTROL NUMBERS (KOHA) | |
| Koha Dewey Subclass [OBSOLETE] | SI |
| 100 ## - MAIN ENTRY--PERSONAL NAME | |
| Personal name | De Aguilera Moyano Miguel |
| 100 ## - MAIN ENTRY--PERSONAL NAME | |
| Miscellaneous information | Codice Aut. SPICS: 30806 |
| 245 ## - TITLE STATEMENT | |
| Title | Telediario (El): un proceso informativo |
| 245 ## - TITLE STATEMENT | |
| Remainder of title | Telediario (El): un proceso Informativo |
| 250 ## - EDITION STATEMENT | |
| Edition statement | 1a ed. |
| 260 ## - PUBLICATION, DISTRIBUTION, ETC. (IMPRINT) | |
| Place of publication, distribution, etc. | BARCELONA |
| 260 ## - PUBLICATION, DISTRIBUTION, ETC. (IMPRINT) | |
| Name of publisher, distributor, etc. | Mitre |
| 260 ## - PUBLICATION, DISTRIBUTION, ETC. (IMPRINT) | |
| Date of publication, distribution, etc. | 1985 [1° Ed.:1985 - Ed.Ling.Originale:1985] |
| 300 ## - PHYSICAL DESCRIPTION | |
| Extent | "262 p. (prefazione: no ; testo: 262 [pagine: 0-0])" |
| 500 ## - GENERAL NOTE | |
| General note | Televisione Come mezzo dominante Comunicazione in una Prospettiva Diacronica Processo di Comunicazione interumana mezzo Televisivo Televisione in Spagna Aspetti giuridici e Strutturali formare informare a Dare Spettacolo Servizi informativi della Tve Potere Politico e Informazione televisiva innovazione tecnologica Programmazione informativa Area informativa concreta I Telediari Analisi del Telediario Telediario e Società Telediario Durante Il Franchismo e nella Democrazia Analisi e Storia del Telediario |
| 650 ## - SUBJECT ADDED ENTRY--TOPICAL TERM | |
| Topical term or geographic name as entry element | GENERI TELEVISIVI |
| 650 ## - SUBJECT ADDED ENTRY--TOPICAL TERM | |
| Relator term | Codice materia Spics: 6960 |
| 942 ## - ADDED ENTRY ELEMENTS (KOHA) | |
| Koha item type | LIBRO |
| 957 ## - | |
| -- | 1 |
| 999 ## - SYSTEM CONTROL NUMBERS (KOHA) | |
| -- | 1 |
| Withdrawn status | Lost status | Damaged status | Not for loan | Home library | Current library | Date acquired | Total Checkouts | Full call number | Date last seen | Price effective from | Koha item type | Public note |
|---|---|---|---|---|---|---|---|---|---|---|---|---|
| Buone Condizioni | Not For Loan | SPICS-MEDIATECA | SPICS-MEDIATECA | 08/03/2013 | 86553 | 08/03/2013 | 08/03/2013 | LIBRO | Progressivo inserimento: 45124 / N. Volumi: 1 Copie: 1 Copia Rara: SI / data import: 1 marzo 2013 - By Epidotti, Trombetti, Vaglietti. |